00795nam a22002057a 450000500170000001000150001702000260003203500130005803700130007108200110008410000230009524501140011826000310023227000830026330000270034650000500037394200250042399900170044895201240046520141211112330.0 aENG-111384 a9789351431060c495.00 aEN-94916 bDBAD/PUB a340.59 aEdappagath, Kauser aDivorce and gender equity in Muslim personal law of India /cby Kauser Edappagath ; foreworded by S.A. Kader aGurgaonbLexis Nexisc2014 a14th Floor, Building No.10, Tower-B, DLF Cyber City, Phase-IIbGurgaone122002 axxx, 283p. c24cm(pbk) aIncludes bibliographical references and index 2ddccENmEDAh340.59 c90306d90306 001040718NFICaDBADbDBADd2014-11-28eDBAD/PUBg495.00l0o340.59 EDApEN-94916r2014-11-28 00:00:00t1v495.00yEN